|
|
|
|
| LEADER |
00000cam a22000005a 4500 |
| 001 |
vtls001410669 |
| 003 |
SK-MaSNL |
| 005 |
20260301120329.0 |
| 008 |
010402s1770 xo a 00000dlat |
| 015 |
|
|
|a SNBHFA
|
| 035 |
|
|
|a SNK000365366
|
| 040 |
|
|
|a SNK
|b slo
|c SNK
|e AACR2
|
| 041 |
0 |
|
|a lat
|
| 044 |
|
|
|a xo
|c SK
|
| 072 |
|
7 |
|a 27-46/-48
|x Pastorálna teológia
|2 konspekt
|
| 080 |
|
|
|a 27-475.5
|2 2011
|
| 100 |
0 |
|
|a Peter Chryzológ,
|c sv.,
|d asi 380-asi 450
|4 aut
|9 462692
|
| 245 |
1 |
0 |
|a Divi Petri Chrysologi Archiepiscopi Ravennatis, Sermones Aurei CLXXVI.
|n Tomulus Primus
|p Sermones 85. Complectens
|
| 246 |
3 |
0 |
|a Sermones Aurei
|
| 260 |
|
|
|a Tyrnaviae
|b Typis Collegii Acad. Societatis Jesu
|c Anno M.DCC.LXX. [=1770]
|
| 300 |
|
|
|a [16], 384, [13] s.
|c 17 cm
|
| 500 |
|
|
|a Titulná strana s vinetou. Ozdobné iniciály. Ilustrácie. Vinety. Ozdobná linka. Zložky. Kustody
|
| 504 |
|
|
|a Živé záhlavie. Predslov. Register
|
| 505 |
2 |
|
|a Hagiografia autora
|
| 610 |
2 |
7 |
|a Rímskokatolícka cirkev
|2 SNKKA
|9 32394
|
| 650 |
0 |
7 |
|a kázne
|2 SNKPH
|9 1954
|
| 710 |
2 |
|
|a Akademická tlačiareň (Trnava, Slovensko)
|4 prt
|9 232890
|
| 752 |
|
|
|a Slovensko
|d Trnava
|
| 852 |
|
|
|a snk
|p SD 10949/1
|
| 958 |
|
|
|a DD
|
| 958 |
|
|
|a ONDV
|
| 999 |
|
|
|c 725539
|d 727469
|
| 952 |
|
|
|a SNK
|b SNK
|y PREZ
|7 0
|p 17A1399342
|o snkSD 10949/1-2 D3
|i snkF 1923/85
|8 5
|0 0
|1 0
|4 0
|d 2022-01-24
|l 0
|r 2026-02-23 22:12:27
|w 2026-02-23
|
| 952 |
|
|
|a SNK
|b SNK
|y PREZ
|7 0
|p 17A0956559
|o snkSD 10949/1
|i snkV 3358/72
|8 2
|0 0
|1 0
|4 0
|d 2001-04-02
|l 0
|r 2025-11-25 00:00:00
|w 2026-02-23
|
| 952 |
|
|
|a SNK
|b SNK
|y PREZ
|7 0
|p 17A1187630
|o snkSD 10949/1 D1
|i snkF 801/76
|8 5
|3 rekatalogizácia
|0 0
|1 0
|4 0
|d 2001-04-02
|l 0
|r 2005-01-02 00:00:00
|w 2026-02-23
|
| 952 |
|
|
|a SNK
|b SNK
|y PREZ
|7 0
|p 17A1187686
|o snkSD 10949/1 D2
|i snkF 3671/82
|8 5
|3 rekatalogizácia
|0 0
|1 0
|4 0
|d 2001-04-02
|l 0
|r 2005-01-02 00:00:00
|w 2026-02-23
|